| 000 | 00751nam a2200193 a 4500 | ||
|---|---|---|---|
| 003 | 0 | ||
| 005 | 20250603073127.0 | ||
| 008 | 021122s19uu xx 00 eng d | ||
| 050 |
_aPHS BF 561 _b.Ar43 2002 |
||
| 100 | _aArmat, Christine May A. | ||
| 245 |
_aThe Perceived emotional awareness and psychophysical factors of selected children and adults within the BF International area / _cChristine May A. Armat. |
||
| 260 |
_aLas PiƱas City, Philippines : _bSouthville International School and Colleges, _c2002. |
||
| 300 |
_a45 pages : _billustrations ; _c28 cm. |
||
| 504 | _aIncludes bibliographical references. | ||
| 650 | _aEmotional intelligence. | ||
| 650 |
_aEmotions _xPsychological aspects. |
||
| 650 | _aMind and body. | ||
| 942 |
_2lcc _cPASS |
||
| 999 |
_c96678 _d96678 |
||